000 00715cac a2200241 a 4500
003 Co-PeBPM
005 20251006161351.0
008 231129e2001||||ck a||||||||||||| ||spa||
020 _a9586823156
040 0 _aCo-PeBPM
_bspa
_cCo-PeBPM
_erda
041 _aspa
082 0 4 _a551 M843e
_222
100 1 _aMoreno, Pedro
_eautor
245 1 0 _aEl explorador del tiempo: Charles Lyell
_c/ Pedro Moreno
260 _aColombia
_b: Colciencias, Alfomega
_c, 2001
300 _a111 páginas
_b: Ilustraciones a blanco y negro
_c; 21 centímetros
500 _aIncluye índice.
650 1 4 _aGeología
_2LEMB
650 1 4 _aTierra
_2LEMB
650 1 4 _aPlaneta
_2LEMB
650 1 4 _aInvestigaciones
_2LEMB
942 _2ddc
_cBK
999 _c11058
_d11058